| 000 | 01231nam a2200325 i 4500 | ||
|---|---|---|---|
| 003 | EG-GICUC | ||
| 005 | 20260128120101.0 | ||
| 008 | 260128s1915 fr a|||fry||| 000 0 fre d | ||
| 040 |
_aEG-GiCUC _bfre _cEG-GiCUC _dEG-GiCUC _eRda |
||
| 041 | _afre | ||
| 082 | 0 | 4 |
_221 _a341.690493 _bHE . R |
| 092 | 0 | 4 | _221 |
| 099 | _aLaw1 11 341.690493 HE . R 1915 | ||
| 245 | 0 | 0 |
_aRapports Sur La Violation Du Droit Des Gens En Belgique. _nTome I / _cPréface De M. J. Van Den Heuvel. |
| 264 | 1 |
_aParis : _bBerger-levrault, _c1915. |
|
| 300 |
_a167 page : _billustration ; _c 24 cm. |
||
| 336 |
_2rda contenu _a texte |
||
| 337 |
_2rda medias _aOrdinateur |
||
| 338 |
_2 transporteur rda _a Ressource en ligne |
||
| 490 | _aCommission Officielle Du Gouvernement Belge | ||
| 500 | _aExtraits De La Lettre Pastorale De S. Ém. Le Cardinal Mercier, Archevêque De Malines | ||
| 504 | _aBibliography: pages 200-250. 240-220 | ||
| 546 | _aTexte en français | ||
| 650 | 1 | 4 |
_aCrimes de guerre _xDroit international |
| 651 | 1 |
_2qrmak _aBelgique _xDroit international public |
|
| 700 | 1 |
_a Heuvel, M. J. Van Den _ePréfacier |
|
| 856 | 4 | 0 | _uhttps://fll.law.cu.edu.eg/fulltext/bks/B12-02340.pdf |
| 905 | _a79 | ||
| 942 |
_2ddc _cREF _e21 _n0 |
||
| 999 |
_c59916 _d59916 |
||